| 000 | 01098nam a22003137a 4500 | ||
|---|---|---|---|
| 003 | CHAP | ||
| 005 | 20220329135656.0 | ||
| 008 | 971013s1972 r 00010 d | ||
| 010 | _a40353 | ||
| 011 | _a41325 | ||
| 035 | _a45451 | ||
| 040 | _cCHAP | ||
| 090 | _aTesis | ||
| 100 | 0 | 0 |
_aMoreno Ramírez, Miguel Angel. _978685 |
| 245 | _aContribución al estudio de la frecuencia de cecina elaborada con carne de equino que se expende en el Distrito Federal | ||
| 260 |
_aMéxico, D.F. : _bEl autor, _c1972 |
||
| 300 | _as.p. | ||
| 502 | _aTesis (Médico Veterinario Zootecnista) -- UNAM. Fac. de Medicina Veterinaria y Zootecnia | ||
| 590 |
_aALEPH _b10 _c20130110 _lUCH01 _h1309 |
||
| 590 |
_aBATCH-UPD _b10 _c20130110 _lUCH01 _h2157 |
||
| 590 |
_aBATCH-UPD _b10 _c20130409 _lUCH01 _h2011 |
||
| 590 |
_aBATCH-UPD _b10 _c20130410 _lUCH01 _h1505 |
||
| 590 |
_aBATCH-UPD _b10 _c20130914 _lUCH01 _h0848 |
||
| 590 |
_aCONVERSION _b10 _c20130109 _lUCH01 _h1322 |
||
| 650 | 1 | 4 |
_aCarne de caballo _xConsumo _xMéxico (D.F.) _919127 |
| 901 | _aBK | ||
| 942 | _cTESIS | ||
| 949 |
_bBC _cTES _d-103801 _eTS1 _i45451 _si |
||
| 999 |
_c40353 _d40353 |
||